000 00292nam a22001337a 4500
008 170411b xxu||||| |||| 00| 0 eng d
020 _a9780688116194
041 _aeng
080 _a612.39
100 _a9
101 _aSHM
245 _aTHE NUTRITION BIBLE
_cANDERSON. J
942 _2udc
_cBK
999 _c10411
_d10411